skbl

Dr Suryya Kumar Bhuyan Library Web-OPAC
ডঃ সূৰ্য্য
কুমাৰ ভূঞা পুথিভঁৰাল ৱেব-অ'পেক

All Research Scholars are advised to clear the annual library fees to continue using Library Resources, Remote Access, Plagiarism Test and Library Clearance.

Cotton University Book Fair 2026

The Design and Analysis of Computer Algorithims (Record no. 54882)

MARC details
000 -LEADER
fixed length control field 00667nam a2200205Ia 4500
001 - CONTROL NUMBER
control field 54934
008 - FIXED-LENGTH DATA ELEMENTS--GENERAL INFORMATION
fixed length control field 120604n ii |||gr||||Z||||||465
020 ## - INTERNATIONAL STANDARD BOOK NUMBER
International Standard Book Number 978 81 317 0205-5
082 ## - DEWEY DECIMAL CLASSIFICATION NUMBER
Classification number 005.1
100 ## - MAIN ENTRY--PERSONAL NAME
Personal name Aho,Alfred V.,
Relator term Author.
245 #0 - TITLE STATEMENT
Title The Design and Analysis of Computer Algorithims
Statement of responsibility, etc. Alfred V. Aho,John E.Hopcroft,Jeffrey D.Ullman
Medium Textual Documents
260 ## - PUBLICATION, DISTRIBUTION, ETC.
Place of publication, distribution, etc. New Delhi:
Name of publisher, distributor, etc. Dorling Kindersley (India) Pvt Ltd.
300 ## - PHYSICAL DESCRIPTION
Extent 470p.
500 ## - GENERAL NOTE
General note Sent to Mathematics Deptt
653 ## - INDEX TERM--UNCONTROLLED
Uncontrolled term Design and Analysis of Computer
653 ## - INDEX TERM--UNCONTROLLED
Uncontrolled term D-Mathematics
700 ## - ADDED ENTRY--PERSONAL NAME
Personal name John E.Hopcroft,
Relator term Author.
700 ## - ADDED ENTRY--PERSONAL NAME
Personal name Ullman ,Jeffery D,
Relator term Author.
942 ## - ADDED ENTRY ELEMENTS (KOHA)
Source of classification or shelving scheme Dewey Decimal Classification
Koha item type Books
Holdings
Withdrawn status Lost status Damaged status Not for loan Collection Home library Current library Shelving location Date acquired Source of acquisition Coded location qualifier Total checkouts Full call number Barcode Date last seen Copy number Price effective from Koha item type Public note
          Dr. Suryya Kumar Bhuyan Library Dr. Suryya Kumar Bhuyan Library   01/01/2008 MA 00000   005.1 Ah 68 D 1985/Math 14/01/2024 1 01/01/2008 Books MA

Designed and Maintained by Team SKBL
©1901-2026

Powered by Koha